Представление документа в формате RUSMARC

ПолеНазваниеЗначение
  Тип записи a
  Библиографический уровень m
001 Контрольный номер RU\NLR\BIBL_A\022175295
005 Дата корректировки 20260420153928.5
010 Индекс ISBN __
a ISBN 978-5-392-40826-9
9 Тираж 3000 экз.
b Уточнения в пер.
100 Данные общей обработки __
a Данные общей обработки 20260401d2024 u y0rusa0189 ca
101 Язык документа 0_
a Язык текста rus
102 Страна публикации __
a Страна публикации RU
105 Кодированные данные (монография) __
a Кодированные данные (монография) a j 000zy
200 Заглавие и сведения об ответственности 1_
a Заглавие История России в стихах
e Сведения, относящиеся к заглавию (история государства Российского от Гостомысла до Тимашева)
e Сведения, относящиеся к заглавию подробный иллюстрированный комментарий
e Сведения, относящиеся к заглавию учебное пособие
f Первые сведения об ответственности А. К. Толстой
g Последующие сведения об ответственности текст комментариев, подбор иллюстраций Оксаны Бариновой
g Последующие сведения об ответственности иллюстрации Екатерины Климовой
203 Вид содержания и тип средства __
a Вид содержания Текст
a Вид содержания Изображение
b Характеристика содержания визуальные
c Тип средства непосредственные
210 Выходные данные 1_
a Место издания Москва
c Издательство Проспект
d Дата издания 2024
215 Физическое описание __
a Объем 61 с.
c Иллюстрации/тип воспроизводства ил., цв. ил., портр.
d Формат 24 см
225 Серия 1_
a Серия Книга в книге
333 Примечание о целевом назначении __
a Примечание о целевом назначении 12+
606 Тематические рубрики 1_
a Основная рубрика Русская литература
z Хронологическая подрубрика 19 в.
606 Тематические рубрики 0_
a Основная рубрика Стихи (х. л.)
610 Ключевые слова 0_
a Ключевые слова русская литература 19 в.; стихи русские
686 Индексы других классификаций __
a Классификационный индекс 83.3(2=Рус)5-8
2 Код системы rubbk
686 Индексы других классификаций __
a Классификационный индекс 84Р1-5
2 Код системы rubbk
700 Автор _1
a Фамилия Толстой
b Имя (инициалы) А. К.
f Даты 1817-1875
g Полное личное имя Алексей Константинович
702 Вторичная интеллектуальная ответственность _1
a Фамилия Баринова
b Имя (инициалы) О. А.
g Полное личное имя Оксана А.
4 Код отношения 212
702 Вторичная интеллектуальная ответственность _1
a Фамилия Климова
b Имя (инициалы) Е. В.
g Полное личное имя Екатерина Викторовна
f Даты 1994-
c Титул (звания) художник-иллюстратор, комиксист
4 Код отношения 440
801 Источник записи _0
a Страна RU
b Организация NLR
c Дата составления 20240321
g Правила каталогизации RCR
801 Источник записи _1
a Страна RU
b Организация NLR
c Дата составления 20240321
2 Код формата rusmarc
801 Источник записи _2
a Страна RU
b Организация Ульяновская ОНБ
c Дата составления 20260401
g Правила каталогизации RCR
900 Электронные ресурсы __
a Имя электронного ресурса проспект20260006
901 Тип документа __
t Тип документа m
909 Создатель записи __
a Создатель записи Макушик
b Дата создания записи 20260401
910 Корректоры записи __
a Корректор записи Пряхина
b Дата внесения изменения в запись 20260420